000 01469cam a22004454i 4500
003 PE-LiUPU
005 20250731165533.0
008 150625s r 000 0 d
035 _a(Sirsi) a31012
035 _a(Sirsi) a31012
040 _aPE-LiUPU
_bspa
_cPE-LiUPU
_erda
082 0 4 _a641.568
_bT29
_221
110 2 _aTécnicos Editoriales Asociados
245 1 0 _aEl placer de la cocina :
_bSus técnicas y secretos explicados paso a paso.
_n2 /
_cTécnicos Editoriales Asociados.
264 1 _aBarcelona :
_bgrijalbo,
_c1985.
300 _a144 páginas :
_bilustraciones,fotos.
_c34 cm.
336 _atext
_2rdacontent
337 _aunmediated
_2rdamedia
338 _avolume
_2rdacarrier
505 0 _aLos entrantes: Sopas y caldos. -Entrantes fríos. -Verduras y hortalizas. -El arroz. -Las pastas. -Pasteles tortillas y budines.
526 _aSEG44
526 _aSEG26
526 _aP151
526 _aP150
526 _aP149
526 _aP146
526 _aP145
526 _aP126
526 _aP125
526 _aP92
526 _aP75
526 _aP74
526 _aP27
526 _aP15
650 0 _9252
_aCocina.
942 _2ddc
_cBOOK
949 _aRC 641.568 T29 2
_wDEWEY
_c1
_i29581
_lRC
_mBUL
_r0
_sY
_tBOOK
_u2015-6-25
_xBIBLIOTECA
_zUNKNOWN
_0COMPRA
_o.CIRCNOTE. No olvidar cambiar la fecha de devolución!!!!!!!
_o.STAFF. Colección General
980 _81
_gALBERTO SANCHEZ Responsable de Automatización
999 _c38520
_d38520